000 00727nam a22002537a 4500
001 0060102
003 KOHA_MİRAKIL
005 20260207004250.0
007 ta
008 170321b2011 tu |||gr||||#||||1|fre |
020 _a9789754710670
040 _aTR-BiSEU
_btur
_cTR-BiSEU
_erda
041 0 _afre
_atur
044 _ctu
050 _aPC2112
_b.F73 2011
245 0 _aFransızca okunuş - söyleniş kuralları ve en çok kullanılan 2000 sözcük.
264 1 _aİstanbul :
_bFono Yayınları
_c2011
300 _a189 sayfa; 18 cm.
336 _ametin
_btxt
_2rdacontent
337 _aaracısız
_bn
_2rdamedia
338 _acilt
_bnc
_2rdacarrier
650 0 _aFransız Dili-- Dilbilgisi.
_9111161
942 _2lcc
_cBK
999 _c59906
_d59906